000 00949cam a22002411 4500
001 000008249
005 20200929161323.0
008 730809s1972 sp b 000 0 spa
040 _aDO-SdBNP
_cOAkU
_dOCoLC
_dSpBaP
_dDLC
_dBNPHU
082 _a864.64
_bL925p
100 2 _aLópez Estrada, Francisco.
_915559
245 1 0 _aPoetica para un poeta; :
_blas "Cartas literarias a una mujer" de Becquer. /
_cFrancisco López Estrada.
260 _aMadrid, :
_bGredos,
_c1972.
300 _a246 p. ;
_c21 cm.
490 0 _aBiblioteca romanica hispanica. 2. Estudios y ensayos,
_v176
504 _aIncluye referencia bibiográfica al pie de páginas
600 1 0 _aBecquer, Gustavo Adolfo,
_d1836-1870.
_tCartas literarias a una mujer.
_922369
650 4 _aEnsayos españoles
_93095
650 4 _aLiteratura española
_9632
830 0 _aBiblioteca romanica hispanica.
_p2. Estudios y ensayos,
_v176
_922370
910 _aCatalogación derivada
049 _aBNGR
999 _c8020
_d8020